00570nam a2200157 a 450000100100000000500170001000800410002702000150006804000250008310000290010824501370013726000380027430000210031250000420033370000370037500003782020201002031124.0130306s1997 sp 000 0 spa d a8482239053 aDO-SdBNPbspacBNPHU1 aFole, Ánxeld1903-198610aDe cómo me encontré con el demonio en vigo y otros cuentos /cÁnxel Fole ; selección y traducción Miguel Hernández Sola. aMadrid :bTrama Editorial,c1997. a176 p. ;c21 cm. aIncluye notas al pie de las páginas1 aHernández Sola, Miguel,etrad.